书目信息 |
| 题名: |
物联网概论
|
|
| 作者: | 周贤善 , 崔艳荣 主编 | |
| 分册: | ||
| 出版信息: | 北京 清华大学出版社 2014 |
|
| 页数: | 10,288页 | |
| 开本: | 26cm | |
| 丛书名: | ||
| 单 册: | ||
| 中图分类: | TP393.4 , TP18 | |
| 科图分类: | ||
| 主题词: | 智能技术--应用--高等学校--教材 , 互联网络 , 互联网络--应用--高等学校--教材 , 智能技术 | |
| 电子资源: | ||
| ISBN: | 978-7-302-34553-4 | |
| 000 | 01024nam0 2200301 450 | |
| 001 | 140873 | |
| 005 | 20140929161901.37 | |
| 010 | @a978-7-302-34553-4@dCNY 34.50 | |
| 100 | @a20140504d2014 em y0chiy50 ea | |
| 101 | 0 | @achi |
| 102 | @aCN@b110000 | |
| 105 | @aa z 000yy | |
| 200 | 1 | @a物联网概论@Awu lian wang gai lun@b专著@f崔艳荣,周贤善主编 |
| 210 | @a北京@c清华大学出版社@d2014 | |
| 215 | @a10,288页@c图@d26cm | |
| 300 | @a21世纪高等学校规划教材 物联网 | |
| 330 | @a本书将物联网分为感知识别层、网络传输层、应用支撑层及应用接口层4个层次,系统介绍了物联网的概念、发展概况、体系结构、各层的关键技术、典型应用、物联网安全和标准化工作。 | |
| 606 | 0 | @a智能技术@x应用@x高等学校@j教材 |
| 606 | 0 | @a互联网络 |
| 606 | 0 | @a互联网络@x应用@x高等学校@j教材 |
| 606 | 0 | @a智能技术 |
| 610 | 0 | @a物联网 |
| 690 | @aTP393.4@v5 | |
| 690 | @aTP18@v5 | |
| 701 | 0 | @a周贤善@Azhou xian shan@c(1963 )@4主编 |
| 701 | 0 | @a崔艳荣@Acui yan rong@c(女,@f1968 )@4主编 |
| 801 | 0 | @c20140929 |
| 905 | @a241430@dTP393.4@eC980 | |
| 物联网概论/崔艳荣,周贤善主编.-北京:清华大学出版社,2014 |
| 10,288页:图;26cm |
| 21世纪高等学校规划教材 物联网 |
| ISBN 978-7-302-34553-4:CNY 34.50 |
| 本书将物联网分为感知识别层、网络传输层、应用支撑层及应用接口层4个层次,系统介绍了物联网的概念、发展概况、体系结构、各层的关键技术、典型应用、物联网安全和标准化工作。 |
| ● |
| 相关链接 |
|
|
|
正题名:物联网概论
索取号:TP393.4/C980
 
预约/预借
| 序号 | 登录号 | 条形码 | 馆藏地/架位号 | 状态 | 备注 |
| 1 | 0836376 | 208363769 | 自科库301/301自科库 133排1列6层/ [索取号:TP393.4/C980] | 在馆 | |
| 2 | 0836378 | 208363787 | 自科库301/301自科库 91排1列1层/ [索取号:TP393.4/C980] | 在馆 |